Normal view MARC view
  • Hafiz Danish Bilal (00000276113)

Entry Personal Name

Number of records used in: 1

001 - CONTROL NUMBER

  • control field: 116773

003 - CONTROL NUMBER IDENTIFIER

  • control field: NUST

005 - DATE AND TIME OF LATEST TRANSACTION

  • control field: 20230912170038.0

008 - FIXED-LENGTH DATA ELEMENTS

  • fixed length control field: 230912|| aca||aabn | a|a d

040 ## - CATALOGING SOURCE

  • Original cataloging agency: NUST
  • Transcribing agency: NUST

100 ## - HEADING--PERSONAL NAME

  • Personal name: Hafiz Danish Bilal (00000276113)

670 ## - SOURCE DATA FOUND

  • Source citation: Work cat.: (NUST): Hafiz Danish Bilal (00000276113), Experimental Investigation of Off-Grid Solar Thermal Water Heating System Integrated with Thermal Energy Storage /, 2022
© 2023 Central Library, National University of Sciences and Technology. All Rights Reserved.